Growing up on the Trobriand Islands in Papua New Guinea. Childhood and educational ideologies in Tauwema (Record no. 29807)
[ view plain ]
| 000 -LEADER | |
|---|---|
| fixed length control field | 00481nam a2200133Ia 4500 |
| 008 - FIXED-LENGTH DATA ELEMENTS--GENERAL INFORMATION | |
| fixed length control field | 220620s9999||||xx |||||||||||||| ||und|| |
| 022 ## - INTERNATIONAL STANDARD SERIAL NUMBER | |
| International Standard Serial Number | 1879-5838 |
| 100 ## - MAIN ENTRY--PERSONAL NAME | |
| Personal name | Barbara Senft||Gunter Senft |
| 245 #0 - TITLE STATEMENT | |
| Title | Growing up on the Trobriand Islands in Papua New Guinea. Childhood and educational ideologies in Tauwema |
| 546 ## - LANGUAGE NOTE | |
| Language note | English[eng] |
| 650 ## - SUBJECT ADDED ENTRY--TOPICAL TERM | |
| Topical term or geographic name entry element | Papua New Guinea||Anthropological linguistics||Education||Anthropology |
| 856 ## - ELECTRONIC LOCATION AND ACCESS | |
| Uniform Resource Identifier | <a href="https://doi.org/10.1075/clu.21">https://doi.org/10.1075/clu.21</a> |
| 942 ## - ADDED ENTRY ELEMENTS (KOHA) | |
| Koha item type | E-Books |
| Withdrawn status | Lost status | Damaged status | Not for loan | Home library | Current library | Date acquired | Total Checkouts | Date last seen | Price effective from | Koha item type |
|---|---|---|---|---|---|---|---|---|---|---|
| Kerala University of Digital Sciences, Innovation and Technology Knowledge Centre | Kerala University of Digital Sciences, Innovation and Technology Knowledge Centre | 20/06/2022 | 20/06/2022 | 20/06/2022 | E-Books |